000 00585nam a22001937a 4500
005 20241028110822.0
010 _aENG-142456
020 _c370.00
_a9789393468512
035 _aEN-125988
037 _bDBAD/PUB
082 _a485
100 _aMukkolakkal, Bitter
_973529
245 _aThe Art of English Writing:
_bFunctional Writing/
_cby Bitter C Mukkolakkal
250 _a1
260 _aThriuvananthapuram
_bChintha Publishers
_c2024
270 _bthiruvananthapuram
_mchinthapubishers@gmail.com
300 _a280p.
_c22cm(pbk)
942 _2ddc
_cEN
_h485
_mMUk
999 _c206785
_d206785